000 00898nas a2200241 454500
001 27941
005 20260407193507.0
008 260407s1990####ag###########|||spa#d
003 AR-UNSa-BCEJYS
040 _aAR-UNSa-BCEJYS
_bspa
_cAR-UNSa-BCEJYS
080 _a316.42
_xCambio social en sociedades globales. Desarrollo social. Sociología del desarrollo (Desarrollo Humano)
245 1 0 _aOpciones
_pRevista del desarrollo humano
264 1 _aNew York :
_bPNUD
_c1990
310 _aFrecuencia: Trimestral
942 _cSER
590 _aniveau_biblio:s niveau_hierar:1
100 1 _aPrograma de las Naciones Unidas para el Desarrollo (PNUD)
700 1 _aDiallo, Djibril
650 _aDesarrollo económico y social
650 _aDesarrollo humano
650 _aPaís en desarrollo
856 4 1 _uhttps://biblioeco.unsa.edu.ar/pmb/images/revistas/Opciones-r13553.jpg
_yImagen de portada
_qimage/jpeg
999 _c8630
_d8630